| 000 | 00962nam a22002537a 4500 | ||
|---|---|---|---|
| 005 | 20170124103021.0 | ||
| 010 | _aA-690889 | ||
| 020 | _c50.00 | ||
| 035 | _aA-690889 | ||
| 037 | _bCen Lib/Ret | ||
| 040 |
_aDPL _bHN |
||
| 082 |
_aक _bजोशीमा |
||
| 100 |
_aजोशी, मालती _960559 |
||
| 245 |
_aअंतिम संक्षेप / _cमालती जोशी |
||
| 246 |
_aAntim sanshep / _bby Maalti Joshi |
||
| 260 |
_aदिल्ली _bविकास पेपरबैक्स _c1994 |
||
| 270 |
_aIX/221, मेन बाजार, गांधीनगर _bदिल्ली _e110031 |
||
| 300 |
_a131पृ. _c17सेमी (सजिल्द) |
||
| 650 |
_aहिन्दी -- साहित्य _960560 |
||
| 650 |
_aहिन्दी -- कहानी _9779 |
||
| 650 |
_aHindi -- Literature _960561 |
||
| 650 |
_aHindi -- story _943117 |
||
| 942 |
_2ddc _cHN _hक _mजोशीमा |
||
| 999 |
_c115243 _d115243 |
||